Southville International School and Colleges
Your cart is empty.
  • Cart
  • Lists
    Public lists Eva Luna New books Lux_list list_1
    Your lists Log in to create your own lists
  • Log in to your account
  • Your cookies
  • Search history
Southville International School and Colleges
  • Advanced search
  • Recent comments
  • Most popular
  • Libraries

Log in to your account

Log in with GOOGLE


If you do not have an external account, but do have a local account, you can still log in:

  1. Home
  2. MARC view: Mga tala sa dagat /
Normal view MARC view ISBD view

Mga tala sa dagat / (Record no. 353657)

[ view plain ]
MARC details
000 -LEADER
fixed length control field 01082nam a22002177a 4500
003 - CONTROL NUMBER IDENTIFIER
control field SISC
005 - DATE AND TIME OF LATEST TRANSACTION
control field 20180131093330.0
008 - FIXED-LENGTH DATA ELEMENTS--GENERAL INFORMATION
fixed length control field 180130b xxu||||| |||| 00| 0 eng d
020 ## - INTERNATIONAL STANDARD BOOK NUMBER
International Standard Book Number 9789715084758
050 ## - LIBRARY OF CONGRESS CALL NUMBER
Classification number PL 5501
Item number .F56 2015
100 ## - MAIN ENTRY--PERSONAL NAME
Personal name Flores, Annette Acacio
245 ## - TITLE STATEMENT
Title Mga tala sa dagat /
Statement of responsibility, etc isinulat ni Annette Acacio Flores; isinalin sa Filipino ni Nanoy Rafael
250 ## - EDITION STATEMENT
Edition statement 2nd edition
260 ## - PUBLICATION, DISTRIBUTION, ETC. (IMPRINT)
Place of publication, distribution, etc Quezon City:
Name of publisher, distributor, etc Adarna House,
Date of publication, distribution, etc c2014.
300 ## - PHYSICAL DESCRIPTION
Extent 94 pages;
Dimensions 20 cm.
520 ## - SUMMARY, ETC.
Summary, etc Isang pag-iibigan ang nabuo sa pagitan ng prinsesa at ng isang mangingisda. Isang bata ang kailangang isuko ang paglalaro at pag-aaral, alang-alang sa pagiging pinakamahusay na mangingisda ng bayan. Nauugnay ang lahat ng ito ng isang pangako, isang pangako tungkol sa higanteng dagat na may dala-dalang mga tala. <br/><br/>Ito ang kwento ng isang pamilya ng mga mangingisda at ng kanilang tadhanang nakatali sa dagat.
650 ## - SUBJECT ADDED ENTRY--TOPICAL TERM
Source of heading or term Library of Congress Subject Headings
Topical term or geographic name as entry element Philippine fiction
700 ## - ADDED ENTRY--PERSONAL NAME
Personal name Rafael, Nanoy
Relator term translator
942 ## - ADDED ENTRY ELEMENTS (KOHA)
Source of classification or shelving scheme Library of Congress Classification
Koha item type Books
Holdings
Withdrawn status Lost status Source of classification or shelving scheme Damaged status Home library Current library Shelving location Date acquired Source of acquisition Sub Shelving location Total Checkouts Total Renewals Full call number Barcode Date last seen Date checked out Copy number Price effective from Koha item type
    Library of Congress Classification   Luxembourg Library Luxembourg Library Filipiniana Section 01/30/2018 Library Fund   5 1 PL 5501 .F56 2015 20475 04/25/2018 04/13/2018 1 01/30/2018 Books
    Library of Congress Classification   Luxembourg Library Luxembourg Library Teachers Reference Section 01/30/2018 Library Fund   1 1 PL 5501 .F56 2015 20476 03/09/2018 02/02/2018 2 01/30/2018 Books

Mga tala sa dagat /

APA

Flores A. A., Rafael N., . (2014). Mga tala sa dagat. Quezon City: Adarna House.

Chicago

Flores Annette Acacio, Rafael Nanoy, . 2014. Mga tala sa dagat. Quezon City: Adarna House.

Harvard

Flores A. A., Rafael N., . (2014). Mga tala sa dagat. Quezon City: Adarna House.

MLA

Flores Annette Acacio, Rafael Nanoy, . Mga tala sa dagat. Quezon City: Adarna House. 2014.

  • Place hold
  • Print
  • Cite
  • Add to your cart (remove)
  • Save record
    BIBTEX Dublin Core MARCXML MARC (non-Unicode/MARC-8) MARC (Unicode/UTF-8) MARC (Unicode/UTF-8, Standard) MODS (XML) RIS
  • More searches
    Search for this title in:
    Other Libraries (WorldCat) Other Databases (Google Scholar) Online Stores (Bookfinder.com) Open Library (openlibrary.org)

Exporting to Dublin Core...

SOUTHVILLE LIBRARY

Southville International School and Colleges Library

1281 Tropical Ave. Cor. Luxembourg St., BF Homes International, Las Pinas City

Tel. No. 8256374 / 252358 Loc. 117/146

Powered by Koha